000 00568nam a22002057a 4500
001 00027918
005 20260121082125.0
008 260121b ag ||||| |||| 00| 0 spa d
020 _a9507242635
040 _aAR-CcCEOS
_bspa
_cAR-CcCEOS
041 _aspa
080 _a 001.891
090 _bBIN
100 1 _aBingham, Jane,
_d1941-
_9178
245 1 5 _aEl libro de los experimentos científicos /
_cJane Bingham
260 _aBuenos Aires :
_blumen.
300 _a64 p. :
_bil. a col. ;
_c25x20 cm.
655 0 _aexperimentos
_vciencia
_9179
942 _2udc
_cBK
_n0
999 _c27927
_d27927